000 00555nam a2200205Ia 4500
005 20250508165425.0
008 008 250505s9999 xx 000 0 eng d
020 _a978-81-7063-792-9
037 _aTextBook
040 _aFEDL
_beng
_cFEDL
041 _aeng
_2eng
084 _a370.92, HAR/R
_qFEDL
100 _aHarivansh Tarun
245 0 _aVishwa ke mahan shiksha shastri
260 _aNew Delhi, India
_bPrakashan Sansthan
_c2011
300 _a160p.
365 _b250
942 _cTB
_h370.92, HAR/R
999 _c1395032
_d1395032